LEADER 00959nam0-22003491i-450- 001 990003751140403321 005 20060117172037.0 010 $a0-231-05825-X 035 $a000375114 035 $aFED01000375114 035 $a(Aleph)000375114FED01 035 $a000375114 100 $a20030910d1976----km-y0itay50------ba 101 0 $aeng 102 $aIT 105 $ay-------001yy 200 1 $a<>evil eye$f[edited by] Clarence Maloney 210 $aNew York$cColumbia University Press$d©1976 215 $axxii, 335 p.$cill., tab.$d23 cm 300 $aContiene riferimenti bibl. e indice analitico 610 0 $aMalocchio$aStudi 676 $a398.41 676 $a133.425 702 1$aMaloney,$bClarence 801 0$aIT$bUNINA$gRICA$2UNIMARC 901 $aBK 912 $a990003751140403321 952 $a398.41 MAL 1$b747$fBFS 952 $a398.41 MAL 1BIS$b3086$fBFS 959 $aBFS 996 $aEvil eye$9508463 997 $aUNINA LEADER 00967nam a22002531i 4500 001 991000245479707536 005 20040731161440.0 008 040920s1995 it ita 035 $ab13195207-39ule_inst 035 $aARCHE-114144$9ExL 040 $aSet. Economia$bita$cA.t.i. Arché s.c.r.l. Pandora Sicilia s.r.l. 082 04$a658.1552 100 1 $aTardivo, Giuseppe$0115475 245 10$aActivity-based costing :$bprincipi, tecniche, esperienze /$cGiuseppe Tardivo 260 $aTorino :$bGiappichelli,$cc1995 300 $a346 p. ;$c24 cm 650 4$aAziende$xGestione finanziaria 650 4$aCosti aziendali 907 $a.b13195207$b03-10-18$c23-09-04 912 $a991000245479707536 945 $aLE025 ECO 658.1 TAR01.01$g1$i2025000178342$lle025$nCatalogato 2018$o-$pE0.00$q-$rl$s- $t0$u10$v5$w10$x0$y.i13849025$z23-09-04 996 $aActivity-based costing$9626242 997 $aUNISALENTO 998 $ale025$b23-09-04$cm$da $e-$fita$git $h0$i1 LEADER 01040nam0-22003611i-450 001 990003778450403321 005 20250303174617.0 010 $a88-204-9049-8 035 $a000377845 035 $aFED01000377845 035 $a(Aleph)000377845FED01 100 $a20030910d1995----km-y0itay50------ba 101 0 $aita 102 $aIT 105 $ay-------001yy 200 1 $a<>potere senza volto$eun contributo psicologico allo studio dell'angoscia sociale$fRoberto Gentile 210 $aMilano$cFrancoAngeli$d©1995 215 $a103 p.$d22 cm 225 1 $aPsicologia$v87 610 0 $aAngoscia 610 0 $aPotere 676 $a302.542 676 $a152.4 700 1$aGentile,$bRoberto$f<1939- >$0143551 801 0$aIT$bUNINA$gRICA$2UNIMARC 901 $aBK 912 $a990003778450403321 952 $aDAM C70 GENR 04$b2024/3012$fFLFBC 952 $a302.542 GEN 1$b5135$fBFS 959 $aFLFBC 959 $aBFS 996 $aPotere senza volto$9509837 997 $aUNINA